Statistics for Five Biggest Regions by Country #2

Click here to take the quiz!

General Stats

  • This quiz has been taken 182 times
  • The average score is 17 of 40

Answer Stats

AreaCountryWhat is it?Region% Correct
695,662United StatesSTATETexas
95%
423,967United StatesSTATECalifornia
94%
1,723,337United StatesSTATEAlaska
91%
70,552GermanySTATEBavaria
77%
380,831United StatesSTATEMontana
76%
800,641AustraliaSTATENew South Wales
75%
1,730,647AustraliaSTATEQueensland
74%
2,529,875AustraliaSTATEWestern Australia
73%
983,482AustraliaSTATESouth Australia
71%
1,542,056CanadaPROVINCEQuebec
69%
1,076,395CanadaPROVINCEOntario
68%
25,711ItalyREGIONSicily
65%
22,994ItalyREGIONTuscany
63%
1,349,129AustraliaTERRITORYNorthern Territory
62%
314,917United StatesSTATENew Mexico
60%
944,735CanadaPROVINCEBritish Columbia
58%
83,457JapanPREFECTUREHokkaido
55%
2,093,190CanadaPROVINCENunavut
54%
1,346,106CanadaTERRITORYNorthwest Territories
51%
23,861ItalyREGIONLombardy
49%
24,090ItalyREGIONSardinia
48%
35,752GermanySTATEBaden
36%
47,609GermanySTATELower Saxony
35%
5,959SwitzerlandCANTONBern
30%
34,085GermanySTATENorth Rhine
30%
5,748NetherlandsPROVINCEFriesland
21%
25,402ItalyREGIONPiedmont
21%
3,418NetherlandsPROVINCESouth Holland
21%
23,180GermanySTATEMecklenburg
19%
5,081NetherlandsPROVINCENorth Brabant
15%
2,812SwitzerlandCANTONTicino
12%
5,136NetherlandsPROVINCEGelderland
11%
5,224SwitzerlandCANTONValais
10%
7,105SwitzerlandCANTONGraubünden
9%
13,782JapanPREFECTUREFukushima
8%
3,212SwitzerlandCANTONVaud
8%
3,420NetherlandsPROVINCEOverijssel
7%
12,583JapanPREFECTURENiigata
5%
15,278JapanPREFECTUREIwate
4%
13,562JapanPREFECTURENagano
4%

Score Distribution

Percentile by Number Answered

Percent of People with Each Score

Your Score History

You have not taken this quiz